000 00670nam a2200193Ia 4500
003 IN-BaIIA
008 211028s9999 xx 000 0 eng d
040 _cIIA Library
080 _a539.12(082.1)
_bPHY
110 _aPhysical Society of London
_92181
245 0 _aFundamental pticles and low temperature
_bvol. I, fundamental pt.icles
_cThe Physical Society
260 _aLondon
_bThe Physical Society
_c1947
300 _a[various pagings.]
650 _aElementary pticle interactions
_92484
650 _aElementary pticle physics
_92485
650 _aLow temperature physics
_92486
650 _aNASA Thesaurus
942 _cBK
999 _c1185
_d1185